| 000 -LEADER |
| fixed length control field |
00617nam a22002057a 4500 |
| 008 - FIXED-LENGTH DATA ELEMENTS--GENERAL INFORMATION |
| fixed length control field |
151001b xxu||||| |||| 00| 0 eng d |
| 020 ## - INTERNATIONAL STANDARD BOOK NUMBER |
| International Standard Book Number |
9780538743259 |
| 020 ## - INTERNATIONAL STANDARD BOOK NUMBER |
| International Standard Book Number |
0538743255 |
| 041 0# - LANGUAGE CODE |
| Language code of text/sound track or separate title |
eng |
| 080 ## - UNIVERSAL DECIMAL CLASSIFICATION NUMBER |
| Universal Decimal Classification number |
338.2 |
| 245 ## - TITLE STATEMENT |
| Title |
South-Western Federal taxation. |
| Statement of responsibility, etc |
Hoffman; Raabe, Smith, Maloney; |
| 250 ## - |
| -- |
2011 ed. |
| 260 ## - |
| -- |
Mason, Ohio : |
| -- |
South-Western Cengage Learning, |
| -- |
2011. |
| 300 ## - |
| -- |
(various paging) |
| -- |
me il.; |
| -- |
28 cm. |
| 650 #0 - |
| -- |
Korporata |
| 650 #0 - |
| -- |
Ortakëria |
| 650 #0 - |
| -- |
Taksa |
| 650 #0 - |
| -- |
Ligji dhe legjislacioni |
| 942 ## - ADDED ENTRY ELEMENTS (KOHA) |
| Source of classification or shelving scheme |
|
| Item type |
Books |